<A> World without Heroes <The> Modern Tragedy
Guardado en:
| Autor principal: | |
|---|---|
| Formato: | Libro |
| Lenguaje: | inglés |
| Publicado: |
Hillsdale
College Press
1987
|
| Edición: | 1. ed. |
| Materias: | |
| Etiquetas: |
Sin Etiquetas, Sea el primero en etiquetar este registro!
|
MARC
| LEADER | 00000nam a2200000 4500 | ||
|---|---|---|---|
| 001 | c004054 | ||
| 005 | 20221219121251.9 | ||
| 020 | |a 0-916308-89-8 | ||
| 041 | 0 | |a eng | |
| 044 | |a US | ||
| 245 | 1 | 0 | |a <A> World without Heroes |b <The> Modern Tragedy |c George Roche |
| 250 | |a 1. ed. | ||
| 264 | 1 | |a Hillsdale |b College Press |c 1987 | |
| 300 | |a 368 s. | ||
| 610 | 2 | 0 | |a filozofia |
| 610 | 2 | 0 | |a psychológia |
| 610 | 2 | 0 | |a civilizácia |
| 610 | 2 | 0 | |a kultúra |
| 610 | 2 | 0 | |a etika |
| 610 | 2 | 0 | |a USA |
| 610 | 2 | 0 | |a náboženstvo |
| 610 | 2 | 0 | |a história |
| 610 | 2 | 0 | |a štýl životný |
| 610 | 2 | 0 | |a vývoj spoločenský |
| 610 | 2 | 0 | |a spoločnosť |
| 610 | 2 | 0 | |a komunikácia |
| 610 | 2 | 0 | |a individualita |
| 610 | 2 | 0 | |a výchova |
| 610 | 2 | 0 | |a vzdelávanie |
| 610 | 2 | 0 | |a vývoj |
| 610 | 2 | 0 | |a veda |
| 100 | 1 | |a Roche, George | |